Lízing z pohľadu daňovej reformy
Obsahové vymedzenie pojmu lízing. Definícia a základné druhy lízingu. Daňové aspekty lízingu z pohľadu daňovej reformy. Lízing a podpora Európskej únie.
Salvato in:
| Autore principale: | |
|---|---|
| Altri autori: | |
| Natura: | Capitolo di libro |
| Lingua: | slovacco |
| Soggetti: | |
| Tags: |
Nessun Tag, puoi essere il primo ad aggiungerne!!
|
MARC
| LEADER | 00000naa$a2200000$$$4500 | ||
|---|---|---|---|
| 001 | 0009635 | ||
| 005 | 20240502071355.3 | ||
| 041 | 0 | |a slo | |
| 044 | |a SK | ||
| 245 | 1 | 0 | |a Lízing z pohľadu daňovej reformy |c aut. Michal Borodovčák, Alena Zubaľová |
| 520 | |a Obsahové vymedzenie pojmu lízing. Definícia a základné druhy lízingu. Daňové aspekty lízingu z pohľadu daňovej reformy. Lízing a podpora Európskej únie. | ||
| 610 | 2 | 0 | |a lízing |
| 610 | 2 | 0 | |a pojmy |
| 610 | 2 | 0 | |a dane |
| 610 | 2 | 0 | |a reformy daňové |
| 610 | 2 | 0 | |a financovanie |
| 610 | 2 | 0 | |a dane z príjmov |
| 610 | 2 | 0 | |a Európska únia |
| 100 | 1 | |a Borodovčák, Michal | |
| 700 | 1 | |a Zubaľová, Alena, 1959- | |